|
|
|
|
| LEADER |
01219nam a2200217 i 4500 |
| 003 |
GR-PaULI |
| 005 |
20210117210930.0 |
| 008 |
190704s2005 gr a|||g |||| 00| 0 gre d |
| 952 |
|
|
|0 0
|1 0
|2 ddc
|4 0
|6 707_400000000000000_ΜΟΥ
|7 0
|9 233604
|a THST
|b THST
|d 2019-07-04
|i 007209
|l 0
|o 707.4 ΜΟΥ
|p 025000264210
|r 2019-07-04 00:00:00
|t 1
|v 2019.00
|w 2019-07-04
|y BK15
|
| 999 |
|
|
|c 141754
|d 141754
|
| 020 |
|
|
|a 9603481505
|
| 040 |
|
|
|a GR-PaULI
|b gre
|c GR-PaULI
|e AACR2
|
| 082 |
0 |
4 |
|2 23
|a 707.4
|
| 245 |
0 |
0 |
|a Οράματα :
|b η τέχνη ως διαμεσολάβηση /
|c επιμέλεια Θανάσης Μουτσόπουλος.
|
| 260 |
|
|
|a Αθήνα :
|b Πλέθρον,
|c 2005.
|
| 300 |
|
|
|a 161 σ., [16] σ. με εικ. :
|b εικ. ;
|c 25 εκ.
|
| 500 |
|
|
|a Η παρούσα έκθεση πραγματοποιήθηκε σε αφορμή την ομώνυμη έκθεση στο Βυζαντινό και Χριστιανικό μουσείο της Αθήνας, τον Οκτώβριο του 200.
|
| 650 |
|
4 |
|9 108302
|a Καλλιτέχνες, Έλληνες
|x Εκθέσεις
|y 21ός αιώνας
|
| 700 |
1 |
4 |
|9 27460
|a Μουτσόπουλος, Θανάσης
|e επιμελητής
|
| 942 |
|
|
|2 ddc
|c BK15
|
| 998 |
|
|
|c ΜΑΝΙΑ
|d 2019-07
|